000 00579nam a2200217Ia 4500
005 20240419143521.0
008 131103s9999 xx 000 0 und d
040 _aLoreto College
041 _aEnglish
082 _a370.9
_bCUR
100 _aCurtis, S J
245 2 _aA Short History of Educational Ideas
_cS J Curtis & M E A Boultwood
250 _a2nd ed.
260 _aLondon
_bUniversity Tutorial Press
_c1958
300 _aviii,562p.
504 _aIncludes index
650 _aEducation - History
700 _aBoultwood, S j
850 _aLCBED
942 _cBK
999 _c26558
_d77037